| 000 | 01350cam a2200385 a 4500 | ||
|---|---|---|---|
| 001 | 17075914 | ||
| 003 | Nust- CAS-E | ||
| 005 | 20180118181403.0 | ||
| 007 | co |g||||||||| | ||
| 008 | 111208s2012 gaua b 001 0 eng | ||
| 010 | _a 2011050734 | ||
| 020 | _a9780881736816 | ||
| 020 | _a0881736813 | ||
| 020 | _a9780881736823 | ||
| 020 | _a0881736821 | ||
| 020 | _a9781466514003 | ||
| 020 | _a1466514000 | ||
| 035 | _a(OCoLC)ocn768041932 | ||
| 040 |
_aDLC _beng _cDLC _dYDX _dBTCTA _dYDXCP _dDLC |
||
| 042 | _apcc | ||
| 050 | 0 | 0 |
_aTJ810 _b.M18 2012 |
| 082 | 0 | 0 |
_a621.47 _223 _bMCM 2012 |
| 100 | 1 | _aMcMordie, Robert K. | |
| 245 | 1 | 0 |
_aSolar energy fundamentals / _cby Robert K. McMordie ; edited by Mitchel C. Brown, Robert S. Stoughton. |
| 260 |
_aLilburn, GA : _bFairmont Press ; _aBoca Raton, FL : _bDistributed by Taylor & Francis, _cc2012. |
||
| 300 |
_axv, 200 p. : _bill. ; _c24 cm. + _e1 CD-ROM (4 3/4 in.) |
||
| 504 | _aIncludes bibliographical references and index. | ||
| 650 | 0 | _aSolar energy. | |
| 650 | 0 |
_aSolar energy _xEquipment and supplies _xMathematical models. |
|
| 700 | 1 | _aBrown, Mitchel C. | |
| 700 | 1 | _aStoughton, Robert S. | |
| 906 |
_a7 _bcbc _corignew _d1 _eecip _f20 _gy-gencatlg |
||
| 942 |
_2ddc _cBK |
||
| 999 |
_c355487 _d355487 |
||